Axle Load survey to established latest truck factors on various road sections (Record no. 550785)
[ view plain ]
| 000 -LEADER | |
|---|---|
| fixed length control field | 00362nam a22001337a 4500 |
| 082 ## - DEWEY DECIMAL CLASSIFICATION NUMBER | |
| Classification number | p-349 |
| -- | D |
| 100 ## - MAIN ENTRY--PERSONAL NAME | |
| Personal name | Tariq Azam |
| 9 (RLIN) | 47589 |
| 245 ## - TITLE STATEMENT | |
| Title | Axle Load survey to established latest truck factors on various road sections |
| 260 ## - PUBLICATION, DISTRIBUTION, ETC. | |
| Place of publication, distribution, etc. | Nust MCE |
| Name of publisher, distributor, etc. | MCE |
| Date of publication, distribution, etc. | 26/5/2007 |
| 300 ## - PHYSICAL DESCRIPTION | |
| Extent | D |
| Dimensions | 40cm. |
| 526 ## - STUDY PROGRAM INFORMATION NOTE | |
| Program name | 0 |
| Interest level | 0 |
| Reading level | 0 |
| Title point value | P_349 |
| 650 ## - SUBJECT ADDED ENTRY--TOPICAL TERM | |
| Topical term or geographic name entry element | Project |
| 9 (RLIN) | 47590 |
| 942 ## - ADDED ENTRY ELEMENTS (KOHA) | |
| Source of classification or shelving scheme | |
| Koha item type | Book |
| Withdrawn status | Lost status | Source of classification or shelving scheme | Damaged status | Not for loan | Permanent Location | Current Location | Date acquired | Total Checkouts | Full call number | Barcode | Date last seen | Price effective from | Koha item type | Public note |
|---|---|---|---|---|---|---|---|---|---|---|---|---|---|---|
| Military College of Engineering (MCE) | Military College of Engineering (MCE) | 11/25/2014 | p-349 | MCE-349 | 11/25/2014 | 11/25/2014 | Book | Project |
